| 000 | 02197nam a2200397 a 4500 | ||
|---|---|---|---|
| 001 | ebr10612424 | ||
| 003 | CaPaEBR | ||
| 006 | m u | ||
| 007 | cr cn||||||||| | ||
| 008 | 120302s2012 nyua sb 001 0 eng d | ||
| 010 | _z 2012009354 | ||
| 020 | _z9781433114991 (hardcover : alk. paper) | ||
| 020 | _z9781453908136 (e-book) | ||
| 040 |
_aCaPaEBR _cCaPaEBR |
||
| 035 | _a(OCoLC)814705816 | ||
| 043 |
_af-sg--- _ae-fr--- |
||
| 050 | 1 | 4 |
_aRC962.S36 _bN45 2012eb |
| 082 | 0 | 4 |
_a616.9/883009663 _223 |
| 100 | 1 | _aNgalamulume, Kalala J. | |
| 245 | 1 | 0 |
_aColonial pathologies, environment, and Western medicine in Saint-Louis-du-Senegal, 1867-1920 _h[electronic resource] / _cKalala Ngalamulume. |
| 260 |
_aNew York : _bPeter Lang, _c2012. |
||
| 300 |
_axiii, 246 p. : _bill. |
||
| 440 | 0 |
_aSociety and politics in Africa, _x1083-3323 ; _vv. 21 |
|
| 504 | _aIncludes bibliographical references and index. | ||
| 505 | 0 | _aIntroduction: Setting, themes, and conceptual perspectives -- The making of a colonial city -- "The white man's disease": the great yellow fever epidemics, 1867-1900 -- "The black man's disease": cholera and social inequality, 1868-1899 -- A conflict of interests among commerce, competing conceptions of public health, and civil liberties, 1882-1901 -- The scientific missions to Senegal and Brazil and the new paradigm, 1901-1912 -- Plague and violence in Saint-Louis-du-Senegal, 1917-1920 -- Conclusion. | |
| 533 |
_aElectronic reproduction. _bPalo Alto, Calif. : _cebrary, _d2011. _nAvailable via World Wide Web. _nAccess may be limited to ebrary affiliated libraries. |
||
| 650 | 0 |
_aTropical medicine _zSenegal _xHistory. |
|
| 650 | 0 |
_aTropical medicine _xSocial aspects _zSenegal _xHistory. |
|
| 650 | 0 |
_aPublic health _zSenegal _xHistory _y19th century. |
|
| 650 | 0 |
_aEpidemics _xSocial aspects _zSenegal _xHistory. |
|
| 650 | 0 |
_aFrench _zSenegal _xHistory _y19th century. |
|
| 651 | 0 |
_aFrance _xColonies _zAfrica, French-speaking West _xSocial conditions. |
|
| 655 | 7 |
_aElectronic books. _2local |
|
| 710 | 2 | _aebrary, Inc. | |
| 856 | 4 | 0 |
_uhttp://site.ebrary.com/lib/rucke/Doc?id=10612424 _zAn electronic book accessible through the World Wide Web; click to view |
| 999 |
_c207617 _d207617 |
||